[Event "GLOCAL SQUARE 53rd National Challengers Chess Cham"]
[Site "Naivedhyam Celebration Centre, Nagpur"]
[Date "2015.08.26"]
[Round "12"]
[Board "20"]
[White "Raghunandan, Kaumandur Srihari"]
[Black "Rajesh, V A V"]
[Result "1/2-1/2"]
[WhiteElo "2221"]
[BlackElo "2330"]
[PlyCount "132"]
[EventDate "2015.08.17"]
[EventRounds "13"]
[EventCountry "IND"]

1. d4 Nf6 2. c4 g6 3. Nc3 d5 4. Nf3 Bg7 5. cxd5 Nxd5 6. e4 Nxc3 7. bxc3 c5 8.
Be3 O-O 9. Be2 Nc6 10. O-O cxd4 11. cxd4 e6 12. Rc1 Bd7 13. Qd2 b6 14. Bg5 f6
15. Bf4 Na5 16. Bc7 Qe8 17. d5 Kh8 18. Bd6 Rf7 19. Rc7 exd5 20. exd5 Bh6 21.
Qxh6 Qxe2 22. Bg3 Re8 23. h4 Qd3 24. h5 Kg8 25. Rxa7 Nc4 26. Qc1 b5 27. Rd1 Qf5
28. h6 g5 29. a4 Rc8 30. axb5 Nd6 31. Rc7 Rxc7 32. Qxc7 Nxb5 33. Qc5 Qg6 34. d6
Rf8 35. Nd4 Nxd4 36. Qxd4 Qxh6 37. Re1 Rf7 38. Qd5 Kg7 39. f3 Qg6 40. Bf2 Qf5
41. Qd2 Bc6 42. Bb6 Qd5 43. Qxd5 Bxd5 44. Bd8 Rd7 45. Bc7 h5 46. Kf2 h4 47. Ke3
Rf7 48. Kd4 Bc6 49. Kc5 Bd7 50. Bd8 Rf8 51. Re7+ Rf7 52. Kb6 Rxe7 53. Bxe7 h3
54. gxh3 Bxh3 55. Kc7 Kg6 56. d7 Bxd7 57. Kxd7 Kf5 58. Bd6 g4 59. f4 g3 60. Ke7
g2 61. Bc5 Kxf4 62. Kxf6 Kg3 63. Kg5 Kh2 64. Bd6+ Kh1 65. Bc5 g1=Q+ 66. Bxg1
Kxg1 1/2-1/2

[Event "GLOCAL SQUARE 53rd National Challengers Chess Cham"]
[Site "Naivedhyam Celebration Centre, Nagpur"]
[Date "2015.08.27"]
[Round "13"]
[Board "1"]
[White "Shyam, Sundar M."]
[Black "Karthikeyan, Murali"]
[Result "1/2-1/2"]
[WhiteElo "2499"]
[BlackElo "2510"]
[PlyCount "50"]
[EventDate "2015.08.17"]
[EventRounds "13"]
[EventCountry "IND"]

1. e4 c5 2. Nf3 e6 3. d4 cxd4 4. Nxd4 a6 5. Bd3 Qc7 6. O-O Nf6 7. Qe2 d6 8. f4
g6 9. Nc3 Bg7 10. e5 dxe5 11. Ndb5 axb5 12. Nxb5 Qe7 13. fxe5 O-O 14. exf6 Bxf6
15. Qf2 Bg7 16. Bf4 e5 17. Be3 Na6 18. Nc3 Qe6 19. Nb5 Qe7 20. Nc3 Qe6 21. Nb5
Qe7 22. Nc3 Qe6 23. Nb5 Qe7 24. Nc3 Qe6 25. Nb5 Qe7 1/2-1/2

[Event "GLOCAL SQUARE 53rd National Challengers Chess Cham"]
[Site "Naivedhyam Celebration Centre, Nagpur"]
[Date "2015.08.27"]
[Round "13"]
[Board "3"]
[White "Swapnil, S. Dhopade"]
[Black "Thejkumar, M. S."]
[Result "1-0"]
[WhiteElo "2458"]
[BlackElo "2479"]
[PlyCount "142"]
[EventDate "2015.08.17"]
[EventRounds "13"]
[EventCountry "IND"]

1. d4 d5 2. c4 e6 3. Nf3 Nf6 4. Nc3 Be7 5. Bf4 O-O 6. e3 b6 7. Bd3 dxc4 8. Bxc4
Bb7 9. O-O a6 10. Qe2 Nbd7 11. Rfd1 Bd6 12. Bg5 h6 13. Bh4 b5 14. Bb3 Qe7 15.
e4 b4 16. e5 bxc3 17. exf6 Nxf6 18. bxc3 g5 19. Bg3 Ne4 20. Rac1 f5 21. Bxd6
cxd6 22. Nd2 d5 23. f3 Nf6 24. Re1 Kf7 25. c4 Rfc8 26. cxd5 Bxd5 27. Nc4 Kg7
28. Nb6 Rxc1 29. Rxc1 Rd8 30. Qe5 Qd6 31. Rc7+ Kg6 32. Nxd5 exd5 33. Bc2 Qxe5
34. dxe5 Ne8 35. Rc6+ Kg7 36. Bxf5 d4 37. Bd3 Rd5 38. Rg6+ Kf7 39. Rxh6 Rxe5
40. Rxa6 Ke7 41. Ra7+ Kf6 42. Ra6+ Ke7 43. Ra4 Rd5 44. Kf2 Ng7 45. Rb4 Rd6 46.
Rb5 Kf6 47. Ra5 Rd8 48. Ra6+ Ke7 49. Rg6 Ne6 50. Bc4 Nf4 51. Rxg5 d3 52. Re5+
Kf6 53. Re4 Ng6 54. Ke1 Ne5 55. Kd2 Rc8 56. Bb3 Kf5 57. Rd4 Rh8 58. h3 Ng6 59.
Rd5+ Kf6 60. Rxd3 Nf4 61. Rd4 Nxg2 62. Rg4 Nh4 63. Ke2 Ng6 64. Bc2 Ne5 65. Rf4+
Ke7 66. h4 Rg8 67. Re4 Kf6 68. Kf2 Rc8 69. Bb3 Rc3 70. Rf4+ Kg7 71. Rf5 Nc6 1-0

[Event "GLOCAL SQUARE 53rd National Challengers Chess Cham"]
[Site "Naivedhyam Celebration Centre, Nagpur"]
[Date "2015.08.27"]
[Round "13"]
[Board "4"]
[White "Sengupta, Deep"]
[Black "Shyaamnikhil, P"]
[Result "1/2-1/2"]
[WhiteElo "2594"]
[BlackElo "2420"]
[PlyCount "119"]
[EventDate "2015.08.17"]
[EventRounds "13"]
[EventCountry "IND"]

1. e4 e5 2. Nf3 Nc6 3. Nc3 Nf6 4. Bb5 Bb4 5. O-O O-O 6. d3 d6 7. Ne2 Ne7 8. c3
Ba5 9. Ng3 Ng6 10. d4 c6 11. Ba4 Re8 12. Bc2 h6 13. h3 Be6 14. Re1 Bc7 15. Be3
Qe7 16. b3 Qf8 17. Qb1 d5 18. exd5 Bxd5 19. Bxg6 Bxf3 20. Bc2 Bd5 21. c4 exd4
22. Bxd4 Rxe1+ 23. Qxe1 Re8 24. Qc3 Ne4 25. Qd3 Bxg3 26. cxd5 c5 27. Re1 f5 28.
fxg3 cxd4 29. g4 Qb4 30. Re2 Rc8 31. gxf5 Nf6 32. a3 Qb6 33. Re6 Qc5 34. d6
Qxc2 35. Qxc2 Rxc2 36. Rxf6 Rc5 37. Re6 Rd5 38. Kf2 Rxf5+ 39. Ke2 Rd5 40. Re8+
Kh7 41. Rd8 d3+ 42. Kd2 b6 43. Rd7 a5 44. Rd8 Kg6 45. d7 Kf7 46. Rb8 Rxd7 47.
Rxb6 Rd5 48. Rc6 Rg5 49. g4 h5 50. Rc4 hxg4 51. Rf4+ Ke6 52. Rxg4 Rb5 53. b4
axb4 54. axb4 Rh5 55. Rg6+ Kf7 56. Rd6 Rxh3 57. b5 Ke7 58. Rd4 Rh5 59. Rb4 Kd7
60. Kxd3 1/2-1/2

[Event "GLOCAL SQUARE 53rd National Challengers Chess Cham"]
[Site "Naivedhyam Celebration Centre, Nagpur"]
[Date "2015.08.27"]
[Round "13"]
[Board "5"]
[White "Rathnakaran, K."]
[Black "Lalith, Babu M.R."]
[Result "1-0"]
[WhiteElo "2417"]
[BlackElo "2570"]
[PlyCount "75"]
[EventDate "2015.08.17"]
[EventRounds "13"]
[EventCountry "IND"]

1. e4 c6 2. d3 d5 3. Qe2 g6 4. g3 Bg7 5. Bg2 dxe4 6. dxe4 b6 7. e5 Ba6 8. Qe4
Nh6 9. Nc3 O-O 10. h4 Nd7 11. Be3 Nf5 12. O-O-O Nxe3 13. fxe3 Qe8 14. Qxc6 Rd8
15. e6 fxe6 16. Qxe6+ Kh8 17. h5 Nc5 18. Qg4 Bc8 19. Qc4 Be6 20. Bd5 Bxd5 21.
Nxd5 e6 22. Nc3 Rxd1+ 23. Nxd1 Qc6 24. Rh2 b5 25. Qe2 g5 26. h6 Be5 27. Qg4
Nd3+ 28. Kb1 Nxb2 29. Qb4 Kg8 30. Rh5 Rf5 31. Qe7 Nxd1 32. Rxg5+ Rxg5 33. Qxg5+
Kf7 34. Qxe5 Nc3+ 35. Kc1 Qg2 36. Qg7+ Ke8 37. Qxc3 Qxg1+ 38. Kb2 1-0

[Event "GLOCAL SQUARE 53rd National Challengers Chess Cham"]
[Site "Naivedhyam Celebration Centre, Nagpur"]
[Date "2015.08.27"]
[Round "13"]
[Board "6"]
[White "Nitin, S."]
[Black "Das, Arghyadip"]
[Result "0-1"]
[WhiteElo "2404"]
[BlackElo "2485"]
[PlyCount "104"]
[EventDate "2015.08.17"]
[EventRounds "13"]
[EventCountry "IND"]

1. e4 e6 2. d4 d5 3. Bd3 c5 4. exd5 exd5 5. Nf3 c4 6. Be2 Bd6 7. O-O Nc6 8. b3
cxb3 9. axb3 Nge7 10. c4 O-O 11. Nc3 Bg4 12. Nb5 Bb4 13. Bb2 a6 14. Nc3 Rc8 15.
Na2 Bd6 16. Re1 Re8 17. h3 Bh5 18. Ng5 Bxe2 19. Qxe2 Qd7 20. Qf3 Qf5 21. Qxf5
Nxf5 22. cxd5 Ncxd4 23. Ne4 Nxb3 24. Rad1 Bf8 25. Nac3 Nc5 26. Nxc5 Bxc5 27.
Ne4 Bf8 28. g4 Nd6 29. f3 Nc4 30. Bc3 Nd6 31. Bd4 a5 32. h4 b5 33. h5 h6 34.
Nc5 b4 35. Nd7 Red8 36. Nxf8 Rxf8 37. Re7 a4 38. Ra7 a3 39. Ra4 Rc4 40. Be5 Nb7
41. Ra7 Nc5 42. Bd6 Rc8 43. Be7 Rc2 44. Bxc5 R8xc5 45. d6 Rc1 46. Ra8+ Kh7 47.
Rxc1 Rxc1+ 48. Kf2 Rd1 49. Ra6 Rxd6 50. Rxd6 a2 51. Ra6 b3 52. g5 hxg5 0-1

[Event "GLOCAL SQUARE 53rd National Challengers Chess Cham"]
[Site "Naivedhyam Celebration Centre, Nagpur"]
[Date "2015.08.27"]
[Round "13"]
[Board "7"]
[White "Venkatesh, M.R."]
[Black "Sahoo, Utkal Ranjan"]
[Result "1-0"]
[WhiteElo "2484"]
[BlackElo "2215"]
[PlyCount "59"]
[EventDate "2015.08.17"]
[EventRounds "13"]
[EventCountry "IND"]

1. e4 e5 2. Nf3 Nf6 3. Nxe5 d6 4. Nf3 Nxe4 5. Bd3 Nf6 6. h3 Be7 7. O-O O-O 8.
c3 Nbd7 9. Bc2 Re8 10. d4 Nf8 11. d5 Ng6 12. c4 Nd7 13. Nc3 Nde5 14. Nxe5 Nxe5
15. f4 Nd7 16. Qd3 g6 17. f5 Ne5 18. Qg3 c6 19. Kh1 Bd7 20. Bh6 Bh4 21. Qh2
Nxc4 22. Qf4 Ne3 23. fxg6 f5 24. dxc6 bxc6 25. Bb3+ d5 26. Rf3 hxg6 27. Rxe3
Kh7 28. Rxe8 Bxe8 29. Bf8 g5 30. Qe5 1-0

[Event "GLOCAL SQUARE 53rd National Challengers Chess Cham"]
[Site "Naivedhyam Celebration Centre, Nagpur"]
[Date "2015.08.27"]
[Round "13"]
[Board "8"]
[White "Satyapragyan, Swayangsu"]
[Black "Neelotpal, Das"]
[Result "0-1"]
[WhiteElo "2397"]
[BlackElo "2448"]
[PlyCount "110"]
[EventDate "2015.08.17"]
[EventRounds "13"]
[EventCountry "IND"]

1. e4 e5 2. Nf3 Nc6 3. Bb5 a6 4. Ba4 Nf6 5. O-O Be7 6. d3 b5 7. Bb3 O-O 8. a3
d6 9. Re1 Be6 10. Bxe6 fxe6 11. c3 d5 12. Qe2 Qd7 13. Nbd2 Bc5 14. Nb3 Bd6 15.
Bg5 Nh5 16. d4 exd4 17. cxd4 e5 18. Qe3 Nf4 19. Bxf4 exd4 20. Nbxd4 Bxf4 21.
Qb3 Nxd4 22. Nxd4 c5 23. Nf3 c4 24. Qd1 d4 25. e5 d3 26. Re4 Bh6 27. Qe1 Qd5
28. e6 Rae8 29. Re5 Qd6 30. a4 b4 31. Rd1 g6 32. e7 Rf7 33. Qe4 Rf4 34. Qe1 Bg7
35. Re6 Qd7 36. h4 c3 37. bxc3 bxc3 38. Qe3 c2 39. Rxd3 Rxf3 40. gxf3 Qxd3 41.
Qxd3 c1=Q+ 42. Kg2 Qf4 43. Qd7 Qf7 44. h5 gxh5 45. f4 Kh8 46. f5 Bb2 47. f6
Bxf6 48. Rxf6 Rg8+ 49. Kf1 Qc4+ 50. Ke1 Rg1+ 51. Kd2 Qc1+ 52. Ke2 Qe1+ 53. Kd3
Qd1+ 54. Kc4 Qxd7 55. Rf8+ Kg7 0-1

[Event "GLOCAL SQUARE 53rd National Challengers Chess Cham"]
[Site "Naivedhyam Celebration Centre, Nagpur"]
[Date "2015.08.27"]
[Round "13"]
[Board "9"]
[White "K., Praneeth Surya"]
[Black "Das, Sayantan"]
[Result "1-0"]
[WhiteElo "2347"]
[BlackElo "2444"]
[PlyCount "135"]
[EventDate "2015.08.17"]
[EventRounds "13"]
[EventCountry "IND"]

1. e4 e5 2. Nf3 Nc6 3. Bb5 a6 4. Ba4 Nf6 5. O-O Nxe4 6. d4 b5 7. Bb3 d5 8. dxe5
Be6 9. Nbd2 Nc5 10. c3 Be7 11. Bc2 d4 12. Nb3 d3 13. Nxc5 dxc2 14. Qxd8+ Rxd8
15. Nxe6 fxe6 16. Be3 Rd5 17. Rac1 Nxe5 18. Nxe5 Rxe5 19. Rxc2 Kf7 20. c4 b4
21. Rd1 Ra5 22. b3 Rd8 23. Rxd8 Bxd8 24. g3 Be7 25. Rd2 Ke8 26. Kg2 g5 27. g4
Re5 28. Kf3 Bd6 29. h3 h6 30. Re2 Kf7 31. Bd4 Ra5 32. Ke4 Be7 33. Be5 Bd6 34.
Bd4 Ke7 35. Be3 Kf7 36. Rd2 Ke7 37. Rc2 Re5+ 38. Kd3 a5 39. Re2 a4 40. Rc2 Bc5
41. bxa4 Bxe3 42. fxe3 Ra5 43. c5 Rxa4 44. Kc4 Kd7 45. Kb5 Ra3 46. c6+ Kc8 47.
Rf2 Kd8 48. Rd2+ Kc8 49. Rf2 Kd8 50. Kxb4 Rxe3 51. a4 Re1 52. a5 Ra1 53. Kb5
Rb1+ 54. Ka6 Rc1 55. Kb7 Rb1+ 56. Ka7 Rc1 57. Rb2 Rxc6 58. Kb7 Rc5 59. a6 Ra5
60. a7 Kd7 61. Rd2+ Ke7 62. a8=Q Rxa8 63. Kxa8 e5 64. Kb7 Ke6 65. Kxc7 e4 66.
Kc6 Ke5 67. Kc5 e3 68. Re2 1-0

[Event "GLOCAL SQUARE 53rd National Challengers Chess Cham"]
[Site "Naivedhyam Celebration Centre, Nagpur"]
[Date "2015.08.27"]
[Round "13"]
[Board "10"]
[White "Laxman, R.R."]
[Black "Harsha, Bharathakoti"]
[Result "1/2-1/2"]
[WhiteElo "2425"]
[BlackElo "2360"]
[PlyCount "98"]
[EventDate "2015.08.17"]
[EventRounds "13"]
[EventCountry "IND"]

1. d4 e6 2. Nf3 c5 3. e3 d5 4. c4 a6 5. Nc3 Nf6 6. a3 dxc4 7. Bxc4 b5 8. Bd3
Nbd7 9. O-O Bb7 10. Qe2 Be7 11. Rd1 cxd4 12. exd4 O-O 13. Bg5 Nb6 14. Ne5 Nbd5
15. Ne4 h6 16. Bd2 Qb6 17. Nf3 Nxe4 18. Bxe4 Nf6 19. Bd3 Bd5 20. Ne5 Qb7 21. f3
Rac8 22. Qf2 Bc4 23. Bc2 Qd5 24. Qe3 Qb7 25. Rac1 Rfd8 26. Ba5 Re8 27. Kh1 b4
28. Nxc4 Rxc4 29. Qb3 Rcc8 30. axb4 Rb8 31. Bc7 Rbc8 32. Be5 Qxb4 33. Qe3 Qb6
34. h3 Red8 35. Bb3 Qb7 36. Ba2 Qb6 37. Qe2 Qb7 38. Bc4 Rc6 39. Ra1 a5 40. Bxf6
Bxf6 41. d5 Rcd6 42. dxe6 Rxd1+ 43. Rxd1 Rxd1+ 44. Qxd1 fxe6 45. Bxe6+ Kf8 46.
b3 Qc7 47. Qf1 Qc3 48. g3 Qa1 49. Qxa1 Bxa1 1/2-1/2

[Event "GLOCAL SQUARE 53rd National Challengers Chess Cham"]
[Site "Naivedhyam Celebration Centre, Nagpur"]
[Date "2015.08.27"]
[Round "13"]
[Board "11"]
[White "Palit, Somak"]
[Black "Gusain, Himal"]
[Result "0-1"]
[WhiteElo "2345"]
[BlackElo "2302"]
[PlyCount "108"]
[EventDate "2015.08.17"]
[EventRounds "13"]
[EventCountry "IND"]

1. Nf3 Nf6 2. c4 d5 3. b3 g6 4. Bb2 Bg7 5. g3 O-O 6. Bg2 a5 7. O-O c6 8. d3 b5
9. Nbd2 Nbd7 10. Qc2 Bb7 11. Rac1 Qb6 12. cxb5 cxb5 13. Bd4 Qa6 14. Qb2 Rfc8
15. Bh3 e6 16. Ne5 Nxe5 17. Bxe5 Ne8 18. Bxg7 Nxg7 19. Nf3 Ne8 20. Ne5 Qd6 21.
Ng4 d4 22. f3 f5 23. Nf2 Nf6 24. f4 Kf7 25. Rxc8 Rxc8 26. Rc1 Rxc1+ 27. Qxc1
Nd5 28. Bg2 Nc3 29. Qb2 Bxg2 30. Kxg2 e5 31. fxe5 Qxe5 32. Kf1 h5 33. Nh3 Qe3
34. Qc2 h4 35. Kg2 hxg3 36. hxg3 Qxe2+ 37. Qxe2 Nxe2 38. Ng5+ Ke7 39. Nf3 Kd6
40. Kf2 Nc3 41. Nxd4 Kd5 42. Nc2 Nxa2 43. Ke3 g5 44. Kd2 Nb4 45. Ne1 Nc6 46.
Nf3 g4 47. Nh4 Nd4 48. b4 a4 49. Ng6 Ne6 50. Ne7+ Ke5 51. Kc3 f4 52. d4+ Ke4
53. d5 Nd8 54. gxf4 g3 0-1

[Event "GLOCAL SQUARE 53rd National Challengers Chess Cham"]
[Site "Naivedhyam Celebration Centre, Nagpur"]
[Date "2015.08.27"]
[Round "13"]
[Board "12"]
[White "Kathmale, Sameer"]
[Black "Konguvel, Ponnuswamy"]
[Result "0-1"]
[WhiteElo "2288"]
[BlackElo "2340"]
[PlyCount "108"]
[EventDate "2015.08.17"]
[EventRounds "13"]
[EventCountry "IND"]

1. e4 e5 2. Nf3 Nc6 3. Bb5 g6 4. c3 a6 5. Bc4 Bg7 6. d4 exd4 7. cxd4 b5 8. Bb3
Nge7 9. Bg5 h6 10. Bh4 d6 11. Nc3 g5 12. Bxg5 hxg5 13. Nxg5 d5 14. e5 Bf5 15.
g4 Be6 16. Bc2 Qd7 17. Nxe6 Qxe6 18. a4 b4 19. Ne2 Nxe5 20. dxe5 Bxe5 21. Bf5
Nxf5 22. gxf5 Qd6 23. Qd2 O-O-O 24. h4 Rh5 25. Qc2 Rdh8 26. O-O-O Rxh4 27. Rxh4
Rxh4 28. Kb1 b3 29. Qd3 Rxa4 30. Nc3 Rd4 31. Qf3 c6 32. Rxd4 Bxd4 33. Qd3 c5
34. Na4 Bxf2 35. Qxb3 c4 36. Qf3 Bd4 37. Qg4 Qf6 38. Ka2 Kc7 39. Qf3 Qe5 40.
Qh5 Qe8 41. Ka3 Qe3+ 42. Nc3 Qe7+ 43. Ka2 Bxc3 44. bxc3 Kc6 45. Qh8 Kb7 46. Qg7
Kb6 47. Qd4+ Kc6 48. Qh8 Kd6 49. Qh6+ Ke5 50. Qxa6 Kxf5 51. Qc6 Ke4 52. Kb2 Qe5
53. Qh6 Qb8+ 54. Kc1 Qf4+ 0-1

[Event "GLOCAL SQUARE 53rd National Challengers Chess Cham"]
[Site "Naivedhyam Celebration Centre, Nagpur"]
[Date "2015.08.27"]
[Round "13"]
[Board "13"]
[White "Shailesh, Dravid"]
[Black "Sangma, Rahul"]
[Result "1-0"]
[WhiteElo "2305"]
[BlackElo "2285"]
[PlyCount "95"]
[EventDate "2015.08.17"]
[EventRounds "13"]
[EventCountry "IND"]

1. e4 e5 2. Nf3 Nc6 3. Bb5 a6 4. Ba4 Nf6 5. O-O Be7 6. Re1 b5 7. Bb3 d6 8. c3
O-O 9. h3 Nb8 10. d4 Nbd7 11. Nbd2 Bb7 12. Bc2 Re8 13. Nf1 Bf8 14. Ng3 g6 15.
a4 c6 16. Bd3 Bg7 17. Be3 Qc7 18. dxe5 dxe5 19. c4 b4 20. c5 a5 21. Qe2 Nf8 22.
Rac1 Ne6 23. Qf1 h6 24. Nd2 Nd7 25. f3 Red8 26. Nb3 Nd4 27. Bxd4 exd4 28. f4 g5
29. e5 gxf4 30. Qxf4 Nxe5 31. Nh5 Rd7 32. Bf5 Ng6 33. Qg4 Rd5 34. Nxg7 Kxg7 35.
Nxd4 Bc8 36. Re6 Rxf5 37. Nxf5+ Kh7 38. Qh5 Qf4 39. Rf1 Qxf5 40. Qxf5 Bxe6 41.
Qd3 Ra7 42. h4 Kg7 43. h5 Ne7 44. Qd4+ Kg8 45. Rf3 Nf5 46. Qe5 Rd7 47. Rxf5
Bxf5 48. Qxf5 1-0

[Event "GLOCAL SQUARE 53rd National Challengers Chess Cham"]
[Site "Naivedhyam Celebration Centre, Nagpur"]
[Date "2015.08.27"]
[Round "13"]
[Board "14"]
[White "Deepan, Chakkravarthy J."]
[Black "Shashikant, Kutwal"]
[Result "1/2-1/2"]
[WhiteElo "2500"]
[BlackElo "2223"]
[PlyCount "30"]
[EventDate "2015.08.17"]
[EventRounds "13"]
[EventCountry "IND"]

1. d4 d5 2. c4 c6 3. cxd5 cxd5 4. Nf3 Nc6 5. Nc3 Nf6 6. Bf4 a6 7. e3 Bg4 8. a3
e6 9. Be2 Be7 10. O-O O-O 11. Nd2 Bf5 12. Nf3 Bg4 13. Nd2 Bf5 14. Nf3 Bg4 15.
Nd2 Bf5 1/2-1/2

[Event "GLOCAL SQUARE 53rd National Challengers Chess Cham"]
[Site "Naivedhyam Celebration Centre, Nagpur"]
[Date "2015.08.27"]
[Round "13"]
[Board "15"]
[White "Swayams, Mishra"]
[Black "Hemant, Sharma (del)"]
[Result "1/2-1/2"]
[WhiteElo "2446"]
[BlackElo "2270"]
[PlyCount "160"]
[EventDate "2015.08.17"]
[EventRounds "13"]
[EventCountry "IND"]

1. Nf3 d5 2. b3 Nf6 3. Bb2 e6 4. e3 Nbd7 5. c4 c6 6. Qc2 b6 7. Rg1 h5 8. Nc3
Bb7 9. d4 Be7 10. O-O-O Qc7 11. Kb1 Rc8 12. h3 c5 13. cxd5 exd5 14. g4 hxg4 15.
hxg4 Ne4 16. Nxe4 dxe4 17. Ne5 Nxe5 18. dxe5 Rd8 19. Bc4 Rxd1+ 20. Rxd1 Qc8 21.
e6 fxe6 22. Bxg7 Rg8 23. Be5 a6 24. a4 Bd5 25. Qe2 Bxc4 26. Qxc4 Rxg4 27. Qe2
Rg5 28. Bf4 Rf5 29. Qg4 c4 30. Qg8+ Rf8 31. Qg6+ Rf7 32. Qg8+ Rf8 33. Qg6+ Rf7
34. Qxe4 cxb3 35. Rc1 Bc5 36. a5 b2 37. Rc3 Qd7 38. Rd3 Qc8 39. Rc3 Qd7 40. Rd3
Qc8 41. Kxb2 bxa5 42. Ka2 Rf5 43. Qa4+ Kf7 44. Rd7+ Be7 45. Rc7 Qd8 46. Qd7
Qxd7 47. Rxd7 Rd5 48. Ra7 Rd2+ 49. Kb3 Kf6 50. Bg3 Bd6 51. Bh4+ Kf5 52. Rxa6
Kg4 53. Bd8 Bb4 54. Bxa5 Bxa5 55. Rxa5 Kf3 56. Kc3 Rxf2 57. Re5 Rf1 58. Rxe6
Rd1 59. Re8 Rc1+ 60. Kd3 Rd1+ 61. Kc3 Rc1+ 62. Kd2 Rh1 63. Re5 Ra1 64. Rf5+ Ke4
65. Rf4+ Ke5 66. Rb4 Kd5 67. Kd3 Ra3+ 68. Ke2 Ra1 69. Rb8 Ke5 70. Re8+ Kd5 71.
Kf2 Rb1 72. Ra8 Ke5 73. Ra5+ Ke4 74. Ra4+ Ke5 75. Kf3 Rf1+ 76. Ke2 Rb1 77. Rf4
Ra1 78. Rb4 Rh1 79. Rd4 Ra1 80. Rd2 Rb1 1/2-1/2

[Event "GLOCAL SQUARE 53rd National Challengers Chess Cham"]
[Site "Naivedhyam Celebration Centre, Nagpur"]
[Date "2015.08.27"]
[Round "13"]
[Board "16"]
[White "Himanshu, Sharma"]
[Black "Nihal, Sarin"]
[Result "1/2-1/2"]
[WhiteElo "2417"]
[BlackElo "2259"]
[PlyCount "146"]
[EventDate "2015.08.17"]
[EventRounds "13"]
[EventCountry "IND"]

1. Nf3 Nf6 2. d4 g6 3. g3 Bg7 4. Bg2 O-O 5. O-O d6 6. Re1 Nbd7 7. e4 e5 8. c4
c6 9. Nc3 Qb6 10. b3 exd4 11. Na4 Qc7 12. Nxd4 a6 13. Rb1 b5 14. Nb2 Bb7 15.
Nc2 Rfe8 16. Bf4 Ne5 17. Ne3 h6 18. Qc2 Rad8 19. a4 Qb6 20. b4 Nh5 21. axb5
axb5 22. Bxe5 dxe5 23. Nd3 Rd4 24. Nc5 Bf8 25. cxb5 cxb5 26. Red1 Nf6 27. Nxb7
Qxb7 28. Nd5 Nxd5 29. exd5 Rc8 30. Qe2 Rxd1+ 31. Rxd1 Bd6 32. Qe3 h5 33. Ra1
Ra8 34. Rc1 Qe7 35. h4 Rd8 36. Rc6 Bxb4 37. Qb6 Bd6 38. Qxb5 Kg7 39. Rb6 Qf6
40. Be4 Ra8 41. Qb1 Rc8 42. Kg2 Qd8 43. Rc6 Rxc6 44. dxc6 Bc7 45. Qb3 Qd6 46.
Qc4 Qf6 47. Qb5 Qd6 48. Bd5 Qd8 49. Kf1 Qd6 50. Ke2 Kf8 51. Kd3 Ke7 52. Kc4 f5
53. Qb2 Kf6 54. Qb7 Qd8 55. Qa7 Kg7 56. Qc5 Bd6 57. Qa7+ Bc7 58. Be6 Qd6 59.
Bd7 Kf6 60. Qe3 f4 61. gxf4 exf4 62. Qb3 Qd2 63. Qb4 Qxb4+ 64. Kxb4 g5 65.
hxg5+ Kxg5 66. Kb5 Kf6 67. Ka6 Ke7 68. Kb7 Kd8 69. f3 h4 70. Bg4 Bd6 71. Kb6
Bc7+ 72. Kc5 Ke7 73. Kd5 Kf6 1/2-1/2

[Event "GLOCAL SQUARE 53rd National Challengers Chess Cham"]
[Site "Naivedhyam Celebration Centre, Nagpur"]
[Date "2015.08.27"]
[Round "13"]
[Board "17"]
[White "Karthik, V.   Ap"]
[Black "Anurag, Mhamal"]
[Result "1-0"]
[WhiteElo "2256"]
[BlackElo "2393"]
[PlyCount "143"]
[EventDate "2015.08.17"]
[EventRounds "13"]
[EventCountry "IND"]

1. e4 e5 2. Nf3 Nc6 3. Bb5 a6 4. Ba4 Nf6 5. O-O Be7 6. Re1 b5 7. Bb3 d6 8. c3
O-O 9. h3 Nb8 10. d4 Nbd7 11. Nbd2 Bb7 12. Bc2 Re8 13. Nf1 Bf8 14. Ng3 g6 15.
a4 c5 16. d5 c4 17. Bg5 Be7 18. Be3 Qc7 19. Qd2 Nc5 20. Nh2 Nfd7 21. a5 Bc8 22.
Ng4 Nb7 23. Rf1 Ndc5 24. Nh6+ Kg7 25. f4 f6 26. f5 Nxa5 27. Rxa5 Qxa5 28. Ng4
Nd7 29. Kh2 Rg8 30. fxg6 hxg6 31. Bb6 Qxb6 32. Qh6+ Kf7 33. Qh7+ Rg7 34. Nh6+
Ke8 35. Qxg7 Kd8 36. Ng8 Bf8 37. Qxg6 Kc7 38. Nxf6 Nxf6 39. Rxf6 Bd7 40. Rf7
Rd8 41. Bd1 Qe3 42. Bg4 Bh6 43. Qf5 Bf4 44. Rxd7+ Kb6 45. Bf3 Rxd7 46. Qxd7
Bxg3+ 47. Kxg3 Qf4+ 48. Kf2 Qd2+ 49. Kg1 Qe3+ 50. Kh1 Qc1+ 51. Bd1 Qxd1+ 52.
Kh2 Ka5 53. Qc7+ Ka4 54. Qxd6 Kb3 55. Qxe5 Kxb2 56. d6 Qd2 57. Qd4 Qxd4 58.
cxd4 c3 59. d7 c2 60. d8=Q c1=Q 61. Qf6 b4 62. d5+ Kb1 63. d6 b3 64. Qd4 Qf4+
65. Kg1 Qc1+ 66. Kf2 Qf4+ 67. Ke2 Qg3 68. d7 Qxg2+ 69. Kd3 Qg3+ 70. Kc4 Qc7+
71. Kxb3 Qb8+ 72. Qb4 1-0

[Event "GLOCAL SQUARE 53rd National Challengers Chess Cham"]
[Site "Naivedhyam Celebration Centre, Nagpur"]
[Date "2015.08.27"]
[Round "13"]
[Board "18"]
[White "Stany, G.A."]
[Black "Navalgund, Niranjan"]
[Result "1-0"]
[WhiteElo "2392"]
[BlackElo "2245"]
[PlyCount "71"]
[EventDate "2015.08.17"]
[EventRounds "13"]
[EventCountry "IND"]

1. e4 e5 2. Nc3 Nf6 3. f4 d5 4. fxe5 Nxe4 5. Nf3 Nc6 6. Qe2 Bf5 7. d3 Nxc3 8.
bxc3 d4 9. Bb2 dxc3 10. Bxc3 Bc5 11. Bb2 O-O 12. c3 f6 13. d4 Bb6 14. O-O-O
fxe5 15. Ba3 exd4 16. Bxf8 Qxf8 17. cxd4 Kh8 18. Qb2 Bc5 19. dxc5 Qxc5+ 20. Kd2
Re8 21. Qb3 Bc2 22. Qc4 Qf2+ 23. Be2 Re4 24. Rhf1 Qe3+ 25. Kxc2 Rxc4+ 26. Bxc4
Qe4+ 27. Kc3 b5 28. Bb3 a5 29. Ng5 Qe3+ 30. Kb2 g6 31. Ne6 Qe5+ 32. Ka3 h5 33.
Rd7 Ne7 34. Rf8+ Ng8 35. Rxg8+ Kxg8 36. Nf4+ 1-0

[Event "GLOCAL SQUARE 53rd National Challengers Chess Cham"]
[Site "Naivedhyam Celebration Centre, Nagpur"]
[Date "2015.08.27"]
[Round "13"]
[Board "19"]
[White "Dhulipalla, Bala Chandra Prasad"]
[Black "Krishna, C.R.G."]
[Result "0-1"]
[WhiteElo "2216"]
[BlackElo "2385"]
[PlyCount "82"]
[EventDate "2015.08.17"]
[EventRounds "13"]
[EventCountry "IND"]

1. e4 e6 2. d3 d5 3. Nd2 c5 4. g3 Nc6 5. Bg2 Nf6 6. Ngf3 g6 7. O-O Bg7 8. Re1
O-O 9. c3 a5 10. e5 Nd7 11. d4 cxd4 12. cxd4 f6 13. exf6 Qxf6 14. Qe2 Re8 15.
Qd3 b6 16. Qc3 Bb7 17. Nf1 Nxd4 18. Nxd4 Rac8 19. Qa3 Qxd4 20. Qd6 Be5 21. Qxd7
Bc6 22. Qa7 Ra8 23. Be3 Rxa7 24. Bxd4 Bxd4 25. Rac1 Bd7 26. Rc2 Kf7 27. h4 Rc8
28. Rce2 Rac7 29. Nh2 Rc1 30. Nf3 Rxe1+ 31. Rxe1 Bf6 32. Re2 Rc1+ 33. Kh2 Bb5
34. Rd2 h6 35. g4 g5 36. hxg5 hxg5 37. Kg3 Bc4 38. b3 Ba6 39. Nd4 Be5+ 40. Kh3
Rc8 41. Bf3 Bf1+ 0-1

[Event "GLOCAL SQUARE 53rd National Challengers Chess Cham"]
[Site "Naivedhyam Celebration Centre, Nagpur"]
[Date "2015.08.27"]
[Round "13"]
[Board "20"]
[White "Iniyan, P"]
[Black "Roy Chowdhury, Saptarshi"]
[Result "0-1"]
[WhiteElo "2214"]
[BlackElo "2373"]
[PlyCount "100"]
[EventDate "2015.08.17"]
[EventRounds "13"]
[EventCountry "IND"]

1. d4 Nf6 2. c4 d6 3. Nc3 Nbd7 4. Nf3 e5 5. e4 Be7 6. Be2 O-O 7. O-O c6 8. d5
Nc5 9. Qc2 Bg4 10. b4 Na6 11. Ba3 cxd5 12. Nxd5 Nxd5 13. exd5 f5 14. h3 Bxf3
15. Bxf3 Nc7 16. Bb2 Rc8 17. Qb3 Kh8 18. Be2 Bf6 19. Rfd1 e4 20. c5 Ne8 21.
Rac1 Rc7 22. Bb5 Bxb2 23. Qxb2 Nf6 24. cxd6 Rxc1 25. Qxc1 a6 26. Bf1 Ne8 27.
Qc5 Nxd6 28. a4 Qf6 29. b5 axb5 30. Bxb5 f4 31. Bf1 Rc8 32. Qb6 h5 33. a5 Rc2
34. a6 bxa6 35. Bxa6 Rb2 36. Qd4 Qxd4 37. Rxd4 g5 38. Ra4 Kg7 39. h4 g4 40. Bf1
Rb1 41. Ra3 Kf6 42. g3 f3 43. Ra8 Nc4 44. Re8 Kf7 45. Rh8 Nd2 46. d6 Rxf1+ 47.
Kh2 Rxf2+ 48. Kh1 Ke6 49. Rd8 Re2 50. d7 Ke7 0-1